<?xml version="1.0" encoding="UTF-8"?><?xml-stylesheet type="text/xsl" href="static/style.xsl"?><OAI-PMH xmlns="http://www.openarchives.org/OAI/2.0/" xmlns:xsi="http://www.w3.org/2001/XMLSchema-instance" xsi:schemaLocation="http://www.openarchives.org/OAI/2.0/ http://www.openarchives.org/OAI/2.0/OAI-PMH.xsd"><responseDate>2026-04-13T07:10:29Z</responseDate><request verb="GetRecord" identifier="oai:www.recercat.cat:20.500.12327/2801" metadataPrefix="marc">https://recercat.cat/oai/request</request><GetRecord><record><header><identifier>oai:recercat.cat:20.500.12327/2801</identifier><datestamp>2025-10-22T11:11:15Z</datestamp><setSpec>com_2072_4428</setSpec><setSpec>com_2072_4427</setSpec><setSpec>col_2072_487898</setSpec></header><metadata><record xmlns="http://www.loc.gov/MARC21/slim" xmlns:dcterms="http://purl.org/dc/terms/" xmlns:xsi="http://www.w3.org/2001/XMLSchema-instance" xmlns:doc="http://www.lyncode.com/xoai" xsi:schemaLocation="http://www.loc.gov/MARC21/slim http://www.loc.gov/standards/marcxml/schema/MARC21slim.xsd">
   <leader>00925njm 22002777a 4500</leader>
   <datafield ind2=" " ind1=" " tag="042">
      <subfield code="a">dc</subfield>
   </datafield>
   <datafield ind2=" " ind1=" " tag="720">
      <subfield code="a">Liang, Feng</subfield>
      <subfield code="e">author</subfield>
   </datafield>
   <datafield ind2=" " ind1=" " tag="720">
      <subfield code="a">Li, Xue</subfield>
      <subfield code="e">author</subfield>
   </datafield>
   <datafield ind2=" " ind1=" " tag="720">
      <subfield code="a">Zhang, Yu</subfield>
      <subfield code="e">author</subfield>
   </datafield>
   <datafield ind2=" " ind1=" " tag="720">
      <subfield code="a">Wu, Yi</subfield>
      <subfield code="e">author</subfield>
   </datafield>
   <datafield ind2=" " ind1=" " tag="720">
      <subfield code="a">Bai, Kaiwen</subfield>
      <subfield code="e">author</subfield>
   </datafield>
   <datafield ind2=" " ind1=" " tag="720">
      <subfield code="a">Romero, Agusti</subfield>
      <subfield code="e">author</subfield>
   </datafield>
   <datafield ind2=" " ind1=" " tag="720">
      <subfield code="a">Soleimani, Ali</subfield>
      <subfield code="e">author</subfield>
   </datafield>
   <datafield ind2=" " ind1=" " tag="720">
      <subfield code="a">Wang, Wei</subfield>
      <subfield code="e">author</subfield>
   </datafield>
   <datafield ind2=" " ind1=" " tag="720">
      <subfield code="a">Yi, Shumin</subfield>
      <subfield code="e">author</subfield>
   </datafield>
   <datafield ind2=" " ind1=" " tag="260">
      <subfield code="c">2023-12-18</subfield>
   </datafield>
   <datafield ind2=" " ind1=" " tag="520">
      <subfield code="a">With the proposal of replacing toxic solvents with non-toxic solvents in the concept of&#xd;
green chemistry, the development and utilization of new green extraction techniques have become a&#xd;
research hotspot. Phenolic compounds in edible oils have good antioxidant activity, but due to their&#xd;
low content and complex matrix, it is difficult to achieve a high extraction rate in a green and efficient&#xd;
way. This paper reviews the current research status of novel extraction materials in solid-phase&#xd;
extraction, including carbon nanotubes, graphene and metal–organic frameworks, as well as the&#xd;
application of green chemical materials in liquid-phase extraction, including deep eutectic solvents,&#xd;
ionic liquids, supercritical fluids and supramolecular solvents. The aim is to provide a more specific&#xd;
reference for realizing the green and efficient extraction of polyphenolic compounds from edible oils,&#xd;
as well as another possibility for the future research trend of green extraction technology.</subfield>
   </datafield>
   <datafield ind1="8" ind2=" " tag="024">
      <subfield code="a">Liang, Feng, L. Xue, Yu Zhang, Yingju Wu, Kaiwen Bai, Agustí Romero, Ali Soleimani, Wei Wang, and Yi Wei Shi. 2023. “Recent Progress on Green New Phase Extraction and Preparation of Polyphenols in Edible Oil.” Molecules 28 (24): 8150. doi:10.3390/molecules28248150.</subfield>
   </datafield>
   <datafield ind1="8" ind2=" " tag="024">
      <subfield code="a">1420-3049</subfield>
   </datafield>
   <datafield ind1="8" ind2=" " tag="024">
      <subfield code="a">http://hdl.handle.net/20.500.12327/2801</subfield>
   </datafield>
   <datafield ind1="8" ind2=" " tag="024">
      <subfield code="a">https://doi.org/10.3390/molecules28248150</subfield>
   </datafield>
   <datafield ind2="0" ind1="0" tag="245">
      <subfield code="a">Recent Progress on Green New Phase Extraction and Preparation of Polyphenols in Edible Oil</subfield>
   </datafield>
</record></metadata></record></GetRecord></OAI-PMH>